01650nam a2200409Ia 4500001001200000003000800012006001900020007001500039008004100054010001700095020003100112020001800143040002100161035002100182050002700203082002200230100002300252245016900275260005600444300001500500490003600515504005100551533015200602650003500754650003200789650003100821650003600852651003700888655002900925700003400954700002300988700003201011710001701043830003701060856012601097999001701223ebr10695509CaPaEBRm u cr cn|||||||||130305s2013 flu sb 001 0 eng d z 2013007068 z9780813044330 (alk. paper) z9780813045092 aCaPaEBRcCaPaEBR a(OCoLC)84290945914aHT169.P42bC893 2013eb04a307.760985/372231 aFarrington, Ian S.10aCuscoh[electronic resource] :burbanism and archaeology in the Inka world /cIan Farrington ; foreword by Michael E. Smith, Marilyn A. Masson, and John W. Janusek. aGainesville :bUniversity Press of Florida,cc2013. axx, 431 p.1 aAncient cities of the new world aIncludes bibliographical references and index. aElectronic reproduction.bPalo Alto, Calif. :cebrary,d2013.nAvailable via World Wide Web.nAccess may be limited to ebrary affiliated libraries. 0aCities and townszPeruzCuzco. 0aCity planningzPeruzCuzco. 0aUrbanizationzPeruzCuzco. 0aHuman settlementszPeruzCuzco. 0aCuzco (Peru)xSocial conditions. 7aElectronic books.2local1 aSmith, Michael Ernest,d1953-1 aMasson, Marilyn A.1 aJanusek, John Wayne,d1963-2 aebrary, Inc. 0aAncient cities of the New World.40uhttp://site.ebrary.com/lib/rucke/Doc?id=10695509zAn electronic book accessible through the World Wide Web; click to view c23910d23910